[Event "43. Olimpiada Batumi 2018 Femenina"]
[Site "Batumi GEO"]
[Date "2018.09.26"]
[Round "3.1"]
[White "Dolzhikova, Olga"]
[Black "Granados Diaz, Maria Esther"]
[Result "1-0"]
[WhiteElo "2184"]
[BlackElo "1817"]
[PlyCount "69"]
[EventDate "2018.09.24"]
[EventType "team-swiss"]
[EventRounds "11"]
[EventCountry "GEO"]
[SourceTitle "Ajedrez en Madrid"]
[Source "lmi"]
[SourceDate "2018.09.24"]
[WhiteTeam "Norway"]
[BlackTeam "Nicaragua"]
[WhiteTeamCountry "NOR"]
[BlackTeamCountry "NCA"]

1. e4 c5 2. c3 d5 3. exd5 Qxd5 4. d4 cxd4 5. cxd4 Nc6 6. Nf3 e6 7. a3 Nf6 8.
Nc3 Qd7 9. Be3 Bd6 10. Bd3 a6 11. Qe2 Ne7 12. O-O Ned5 13. Rad1 O-O 14. Ne5 Qc7
15. Nxd5 Nxd5 16. Rc1 Qb8 17. Bd2 f6 18. Qh5 f5 19. Rfe1 b5 20. Bb1 Bxe5 21.
Rxe5 Qb6 22. Qh4 b4 23. axb4 Nxb4 24. Re3 Nd5 25. Rh3 Nf6 26. Bc3 h6 27. Rg3
Kh7 28. d5 exd5 29. Bd4 Qd8 30. Be5 Ra7 31. Qd4 Rb7 32. h3 Qb6 33. Qxb6 Rxb6
34. Rc7 Rb7 35. Rgxg7+ 1-0

[Event "43. Olimpiada Batumi 2018 Femenina"]
[Site "Batumi GEO"]
[Date "2018.09.26"]
[Round "3.2"]
[White "Leon Sandoval, Johan"]
[Black "Hagesather, Ellen"]
[Result "0-1"]
[WhiteElo "1708"]
[BlackElo "2181"]
[PlyCount "86"]
[EventDate "2018.09.24"]
[EventType "team-swiss"]
[EventRounds "11"]
[EventCountry "GEO"]
[SourceTitle "Ajedrez en Madrid"]
[Source "lmi"]
[SourceDate "2018.09.24"]
[WhiteTeam "Nicaragua"]
[BlackTeam "Norway"]
[WhiteTeamCountry "NCA"]
[BlackTeamCountry "NOR"]

1. c4 e5 2. g3 Nc6 3. Nc3 g6 4. Bg2 Bg7 5. Nf3 Nge7 6. O-O O-O 7. d3 d6 8. Ne1
Bd7 9. Nc2 Qc8 10. e4 f5 11. f4 exf4 12. Bxf4 Ne5 13. Qd2 Nf7 14. Rae1 c6 15.
d4 Qd8 16. b3 Bc8 17. a4 fxe4 18. Bxe4 Nf5 19. Kg2 Qb6 20. b4 a5 21. c5 Qd8 22.
b5 d5 23. Bf3 g5 24. Be3 Qf6 25. Bh5 Bd7 26. Bxf7+ Qxf7 27. Bxg5 Qh5 28. Bf4
Nh6 29. h4 Nf5 30. Rh1 Rf7 31. Ne2 cxb5 32. axb5 Bxb5 33. Nc3 Bc6 34. Be5 Ne7
35. Bxg7 Qf3+ 36. Kh2 Rxg7 37. Rhg1 Nf5 38. Ne2 Re8 39. Qf4 Rxe2+ 40. Rxe2
Qxe2+ 41. Rg2 Qe4 42. Qb8+ Be8 43. Rf2 Nxg3 0-1

[Event "43. Olimpiada Batumi 2018 Femenina"]
[Site "Batumi GEO"]
[Date "2018.09.26"]
[Round "3.3"]
[White "Sahl, Sheila Barth"]
[Black "Alvarez Gutierrez, Patricia"]
[Result "1-0"]
[WhiteElo "2136"]
[BlackElo "1623"]
[PlyCount "39"]
[EventDate "2018.09.24"]
[EventType "team-swiss"]
[EventRounds "11"]
[EventCountry "GEO"]
[SourceTitle "Ajedrez en Madrid"]
[Source "lmi"]
[SourceDate "2018.09.24"]
[WhiteTeam "Norway"]
[BlackTeam "Nicaragua"]
[WhiteTeamCountry "NOR"]
[BlackTeamCountry "NCA"]

1. e4 c6 2. d4 d5 3. exd5 cxd5 4. Bd3 Nc6 5. c3 Nf6 6. Bf4 e6 7. Nf3 Bd6 8.
Bxd6 Qxd6 9. O-O O-O 10. Re1 a6 11. a4 a5 12. Ne5 Ne7 13. Nd2 Nf5 14. g4 Nh4
15. g5 Nd7 16. Bxh7+ Kxh7 17. Qh5+ Kg8 18. Qxh4 Qe7 19. Re3 f5 20. Ng6 1-0

[Event "43. Olimpiada Batumi 2018 Femenina"]
[Site "Batumi GEO"]
[Date "2018.09.26"]
[Round "3.3"]
[White "Garcia Morales, Ivette Ale"]
[Black "Uwase, Joselyne"]
[Result "1-0"]
[WhiteElo "2013"]
[BlackElo "1551"]
[PlyCount "45"]
[EventDate "2018.09.24"]
[EventType "team-swiss"]
[EventRounds "11"]
[EventCountry "GEO"]
[SourceTitle "Ajedrez en Madrid"]
[Source "lmi"]
[SourceDate "2018.09.24"]
[WhiteTeam "Mexico"]
[BlackTeam "Rwanda"]
[WhiteTeamCountry "MEX"]
[BlackTeamCountry "RWA"]

1. d4 Nf6 2. g3 d5 3. c4 c5 4. Bg2 Bf5 5. Nf3 Nc6 6. O-O e6 7. Nc3 g6 8. cxd5
Nxd5 9. Nxd5 Qxd5 10. Ne5 Be4 11. Bxe4 Qxe4 12. Nxc6 Qxc6 13. dxc5 Bxc5 14. Bh6
Rd8 15. Qb3 Rd5 16. Rac1 b6 17. Qc3 Rg8 18. b4 Bxf2+ 19. Rxf2 Qxc3 20. Rxc3 Kd7
21. Rxf7+ Ke8 22. Rxa7 Rd8 23. Rcc7 1-0

[Event "43. Olimpiada Batumi 2018 Femenina"]
[Site "Batumi GEO"]
[Date "2018.09.26"]
[Round "3.2"]
[White "Aishath, Alya Mohamed"]
[Black "Wakuruwarewa, Colletta"]
[Result "0-1"]
[WhiteElo "1070"]
[BlackElo "1577"]
[PlyCount "92"]
[EventDate "2018.09.24"]
[EventType "team-swiss"]
[EventRounds "11"]
[EventCountry "GEO"]
[SourceTitle "Ajedrez en Madrid"]
[Source "lmi"]
[SourceDate "2018.09.24"]
[WhiteTeam "Maldives"]
[BlackTeam "Zimbabwe"]
[WhiteTeamCountry "MDV"]
[BlackTeamCountry "ZIM"]

1. d4 Nf6 2. c4 e6 3. Nc3 d5 4. e3 Be7 5. Nf3 b6 6. Bd3 Bb7 7. O-O Nbd7 8. Re1
c5 9. h3 O-O 10. Qc2 dxc4 11. Bxc4 Bxf3 12. gxf3 cxd4 13. exd4 Qc7 14. Bf1 Rfd8
15. Bg2 Nf8 16. Be3 Nd5 17. Rac1 Nxe3 18. fxe3 Rac8 19. Re2 Qg3 20. Kf1 Ng6 21.
Qd2 Bh4 22. Ne4 Qb8 23. Rd1 Ne7 24. a3 Nf5 25. Kg1 Qc7 26. f4 Qc4 27. Qd3 Qxd3
28. Rxd3 Rc1+ 29. Kh2 Rdc8 30. b4 R8c2 31. Rxc2 Rxc2 32. Rd1 Nxe3 33. Rd2 Be1
34. Rxc2 Nxc2 35. Nd6 Nxd4 36. Nc8 Nc2 37. Nxa7 Nxa3 38. b5 Bf2 39. Bf1 Nc2 40.
Kg2 Bc5 41. Kf3 f5 42. Nc8 Kf7 43. Bc4 Kf6 44. Ke2 h6 45. Kd2 Ne3 46. Ke2 Nxc4
0-1

[Event "43. Olimpiada Batumi 2018 Femenina"]
[Site "Batumi GEO"]
[Date "2018.09.26"]
[Round "3.3"]
[White "Makwena, Christine"]
[Black "Nihaya, Ahmed"]
[Result "1-0"]
[WhiteElo "1626"]
[BlackElo "1117"]
[PlyCount "83"]
[EventDate "2018.09.24"]
[EventType "team-swiss"]
[EventRounds "11"]
[EventCountry "GEO"]
[SourceTitle "Ajedrez en Madrid"]
[Source "lmi"]
[SourceDate "2018.09.24"]
[WhiteTeam "Zimbabwe"]
[BlackTeam "Maldives"]
[WhiteTeamCountry "ZIM"]
[BlackTeamCountry "MDV"]

1. d4 Nf6 2. c4 g6 3. Nf3 Bg7 4. g3 b6 5. Bg2 Bb7 6. O-O O-O 7. Nc3 c6 8. Bf4
d6 9. Qd2 Re8 10. Rfd1 e6 11. e4 d5 12. cxd5 exd5 13. e5 Nh5 14. Bh6 Bh8 15.
Ne2 Nd7 16. Nf4 Ng7 17. Bg5 Qc7 18. Rac1 Ne6 19. Nxd5 Qb8 20. Ne7+ Kf8 21. Nxc6
Bxc6 22. Bh6+ Bg7 23. Bxg7+ Kxg7 24. Rxc6 Qd8 25. Rdc1 Qe7 26. a3 a5 27. Qc3
Rab8 28. d5 Nec5 29. e6+ Nf6 30. Ng5 fxe6 31. Nxe6+ Nxe6 32. Rxe6 Qf8 33. Qe5
Rbd8 34. Rc7+ Kg8 35. Qxf6 Qxf6 36. Rxf6 Rf8 37. Rxf8+ Rxf8 38. d6 Rd8 39. d7
Kf8 40. Rc8 Ke7 41. Rxd8 Kxd8 42. Bc6 1-0

[Event "43. Olimpiada Batumi 2018 Femenina"]
[Site "Batumi GEO"]
[Date "2018.09.26"]
[Round "3.4"]
[White "Nuha, Rilwan"]
[Black "Zengeni, Paidaishe"]
[Result "1-0"]
[WhiteElo "1053"]
[BlackElo "1528"]
[PlyCount "79"]
[EventDate "2018.09.24"]
[EventType "team-swiss"]
[EventRounds "11"]
[EventCountry "GEO"]
[SourceTitle "Ajedrez en Madrid"]
[Source "lmi"]
[SourceDate "2018.09.24"]
[WhiteTeam "Maldives"]
[BlackTeam "Zimbabwe"]
[WhiteTeamCountry "MDV"]
[BlackTeamCountry "ZIM"]

1. e4 c5 2. Nc3 e6 3. f4 a6 4. Nf3 Qc7 5. d3 d6 6. Be2 Nf6 7. b3 b5 8. a3 b4 9.
axb4 cxb4 10. Na4 d5 11. e5 Nfd7 12. d4 Nc6 13. Be3 Bb7 14. Qd3 Na7 15. O-O g6
16. Bd2 Bc6 17. Rfc1 Bb5 18. Qe3 Bxe2 19. Qxe2 Nb5 20. Nb2 Nc3 21. Bxc3 bxc3
22. Nd1 a5 23. Qd3 Bb4 24. h3 O-O 25. Nh2 f6 26. Nf3 fxe5 27. fxe5 h6 28. Qxg6+
Kh8 29. Qxh6+ Kg8 30. Qxe6+ Rf7 31. Ng5 Raf8 32. Nxf7 Rxf7 33. Qxd5 Nb6 34. Qe4
Qe7 35. Ne3 Qe6 36. Ng4 Rg7 37. Rf1 Nd5 38. Rf2 Ne7 39. Raf1 Ba3 40. Rf8# 1-0

[Event "43. Olimpiada Batumi 2018 Femenina"]
[Site "Batumi GEO"]
[Date "2018.09.26"]
[Round "3.1"]
[White "Wang, Chengjia"]
[Black "Kovacova, Zuzana"]
[Result "0-1"]
[WhiteElo "2050"]
[BlackElo "2079"]
[PlyCount "108"]
[EventDate "2018.09.24"]
[EventType "team-swiss"]
[EventRounds "11"]
[EventCountry "GEO"]
[SourceTitle "Ajedrez en Madrid"]
[Source "lmi"]
[SourceDate "2018.09.24"]
[WhiteTeam "South Korea"]
[BlackTeam "Bermuda"]
[BlackTeamCountry "BER"]

1. e4 e5 2. Nf3 Nc6 3. Bc4 Bc5 4. c3 Nf6 5. d3 d6 6. O-O Be6 7. Bxe6 fxe6 8.
Qb3 Qc8 9. Nbd2 O-O 10. Nc4 a6 11. a4 Rb8 12. a5 Qe8 13. Be3 Bxe3 14. Nxe3 Nd8
15. Rfe1 Qg6 16. Nf5 Kh8 17. Ng3 Nh5 18. Qd1 Nf4 19. d4 exd4 20. Nxd4 Nf7 21.
Nde2 Ne5 22. Nxf4 Rxf4 23. Qh5 Qf6 24. Qe2 Ng4 25. h3 Nxf2 26. Nh5 Nxh3+ 27.
gxh3 Qg5+ 28. Kh2 Rh4 29. Ng3 Qh6 30. Qg2 g5 31. Nh1 g4 32. Nf2 Rg8 33. Rg1 g3+
34. Kh1 Rg6 35. Qxg3 Rxg3 36. Rxg3 Rf4 37. Rag1 Qf8 38. Rg8+ Qxg8 39. Rxg8+
Kxg8 40. Kg2 e5 41. Kf1 Kg7 42. Ke2 Kg6 43. Ke3 Kh5 44. b4 Kh4 45. Nd3 Rf7 46.
Nf2 Rxf2 47. Kxf2 Kxh3 48. Kf3 Kh4 49. c4 Kg5 50. Kg3 h5 51. b5 h4+ 52. Kf3 h3
53. Kg3 h2 54. Kxh2 Kf4 0-1

[Event "43. Olimpiada Batumi 2018 Femenina"]
[Site "Batumi GEO"]
[Date "2018.09.26"]
[Round "3.2"]
[White "Cancino, Shiela"]
[Black "Lee, Seyeon"]
[Result "0-1"]
[WhiteElo "1456"]
[BlackElo "1727"]
[PlyCount "90"]
[EventDate "2018.09.24"]
[EventType "team-swiss"]
[EventRounds "11"]
[EventCountry "GEO"]
[SourceTitle "Ajedrez en Madrid"]
[Source "lmi"]
[SourceDate "2018.09.24"]
[WhiteTeam "Bermuda"]
[BlackTeam "South Korea"]
[WhiteTeamCountry "BER"]

1. d4 d5 2. Nf3 Nf6 3. e3 e6 4. Bd3 c5 5. b3 cxd4 6. exd4 Bd6 7. O-O O-O 8. Bb2
Nbd7 9. Nbd2 b6 10. c4 Bb7 11. Re1 Bb4 12. Ne5 Nxe5 13. Rxe5 Qc7 14. Re3 Qf4
15. g3 Qh6 16. f3 Qxe3+ 17. Kg2 Qxd3 18. Nf1 Qxd1 19. Rxd1 dxc4 20. bxc4 Rac8
21. Ne3 Ba6 22. g4 Bxc4 23. g5 Nd5 24. Nxd5 Bxd5 25. Kg3 Rc2 26. Bc1 Rxa2 27.
h4 Rc8 28. Be3 Ra3 29. Kf4 Bd6+ 30. Kg4 Rxe3 31. Rf1 Re8 32. h5 a5 33. h6 Bxf3+
34. Rxf3 Rxf3 35. Kxf3 e5 36. hxg7 exd4 37. g6 fxg6 38. Kg4 d3 39. Kg5 d2 40.
Kg4 d1=Q+ 41. Kg5 Re5+ 42. Kh4 Qd4+ 43. Kh3 Re3+ 44. Kg2 Qd2+ 45. Kf1 Re1# 0-1

[Event "43. Olimpiada Batumi 2018 Femenina"]
[Site "Batumi GEO"]
[Date "2018.09.26"]
[Round "3.1"]
[White "Tjaronda, Nicola"]
[Black "Jambo, Linda"]
[Result "1/2-1/2"]
[WhiteElo "1503"]
[BlackElo "1482"]
[PlyCount "60"]
[EventDate "2018.09.24"]
[EventType "team-swiss"]
[EventRounds "11"]
[EventCountry "GEO"]
[SourceTitle "Ajedrez en Madrid"]
[Source "lmi"]
[SourceDate "2018.09.24"]
[WhiteTeam "Namibia"]
[BlackTeam "Malawi"]
[WhiteTeamCountry "NAM"]
[BlackTeamCountry "MWI"]

1. d4 d5 2. c4 e6 3. Nc3 Nf6 4. Bg5 Be7 5. Bxf6 Bxf6 6. cxd5 exd5 7. e3 O-O 8.
Bd3 Re8 9. Nge2 c6 10. O-O Bg4 11. Qc2 h6 12. Ng3 Nd7 13. Bf5 Bxf5 14. Nxf5 Nf8
15. Ne2 Ne6 16. Rad1 Qd7 17. f3 Ng5 18. Neg3 Nh7 19. e4 dxe4 20. fxe4 Bg5 21.
h4 Bd8 22. Nh5 Qe6 23. e5 Qg6 24. Nhxg7 Rf8 25. Qf2 Qg4 26. Rd3 Bxh4 27. Qf3
Qxf3 28. Rdxf3 Bg5 29. Nh5 Rfd8 30. Nd6 Rd7 1/2-1/2

[Event "43. Olimpiada Batumi 2018 Femenina"]
[Site "Batumi GEO"]
[Date "2018.09.26"]
[Round "3.2"]
[White "Nkhoma, Desiderata"]
[Black "Mentile, Lishen"]
[Result "1/2-1/2"]
[WhiteElo "1502"]
[BlackElo "1502"]
[PlyCount "123"]
[EventDate "2018.09.24"]
[EventType "team-swiss"]
[EventRounds "11"]
[EventCountry "GEO"]
[SourceTitle "Ajedrez en Madrid"]
[Source "lmi"]
[SourceDate "2018.09.24"]
[WhiteTeam "Malawi"]
[BlackTeam "Namibia"]
[WhiteTeamCountry "MWI"]
[BlackTeamCountry "NAM"]

1. e4 d5 2. exd5 Qxd5 3. Nc3 Qd6 4. Nf3 Nf6 5. Be2 c6 6. d4 Bf5 7. Ne5 e6 8. a3
Be7 9. Bf4 Qd8 10. O-O O-O 11. h3 Nbd7 12. Nf3 Nd5 13. Nxd5 cxd5 14. b4 Rc8 15.
Bd3 Bg6 16. Rc1 Rc3 17. Ra1 Qb6 18. Bd2 Rcc8 19. Bxg6 hxg6 20. c3 Nf6 21. Ng5
Nd7 22. Nf3 Bf6 23. Re1 Qd6 24. Qe2 a6 25. Rac1 Nb6 26. Bg5 Bxg5 27. Nxg5 Nc4
28. a4 Qf4 29. Nf3 Rfe8 30. Nh2 Kf8 31. Ng4 f6 32. g3 Qd6 33. h4 Kf7 34. Ne3 e5
35. Nxc4 Rxc4 36. dxe5 Rxe5 37. Qd3 Rxe1+ 38. Rxe1 Qc6 39. Rc1 d4 40. Rc2 Rxc3
41. b5 axb5 42. axb5 Qc5 43. Rxc3 dxc3 44. Qd7+ Kg8 45. h5 gxh5 46. Qe8+ Kh7
47. Qe4+ g6 48. Qxb7+ Kh6 49. Qd7 c2 50. Qd2+ g5 51. Qc1 Qxb5 52. Qxc2 Qe5 53.
Qc6 g4 54. Kg2 Kg6 55. Qc2+ Qf5 56. Qc6 Qe5 57. Kf1 Qa1+ 58. Kg2 Qe5 59. Kf1
Kf5 60. Qc2+ Kg5 61. Qc1+ Kg6 62. Qc6 1/2-1/2

[Event "43. Olimpiada Batumi 2018 Femenina"]
[Site "Batumi GEO"]
[Date "2018.09.26"]
[Round "3.3"]
[White "Nepando, Jolly"]
[Black "Mpinganjira, Ellen"]
[Result "0-1"]
[WhiteElo "1479"]
[BlackElo "1412"]
[PlyCount "96"]
[EventDate "2018.09.24"]
[EventType "team-swiss"]
[EventRounds "11"]
[EventCountry "GEO"]
[SourceTitle "Ajedrez en Madrid"]
[Source "lmi"]
[SourceDate "2018.09.24"]
[WhiteTeam "Namibia"]
[BlackTeam "Malawi"]
[WhiteTeamCountry "NAM"]
[BlackTeamCountry "MWI"]

1. e4 c5 2. Nf3 Nc6 3. d3 e6 4. Be2 d6 5. O-O Nf6 6. Re1 Be7 7. b3 O-O 8. Bb2
Qb6 9. Nbd2 Bd7 10. Nc4 Qc7 11. Ne3 h6 12. c4 e5 13. h3 Nd8 14. Bc1 Ne6 15. Nf5
Bc8 16. Be3 Nf4 17. N3h4 Qd8 18. Bxf4 exf4 19. Nxe7+ Qxe7 20. Nf3 Nh7 21. Qd2
Qf6 22. a3 a5 23. Nh2 Qg5 24. Nf3 Qf6 25. d4 Ng5 26. Nxg5 Qxg5 27. Kh2 Re8 28.
Bf3 b6 29. e5 Rb8 30. exd6 Rd8 31. dxc5 bxc5 32. Rab1 Rb6 33. Qxa5 Rbxd6 34.
Qc3 Rd3 35. Qe5 Qxe5 36. Rxe5 Rd2 37. Kg1 g6 38. Rxc5 Bf5 39. Re1 Be6 40. a4
Rb2 41. Rb5 Rd3 42. b4 Bxc4 43. Rb8+ Kg7 44. Re4 Bd5 45. Rxf4 Bxf3 46. Rxf3 Rd7
47. a5 h5 48. Kf1 Rd1# 0-1

[Event "43. Olimpiada Batumi 2018 Femenina"]
[Site "Batumi GEO"]
[Date "2018.09.26"]
[Round "3.4"]
[White "Simwaba, Anne"]
[Black "Shipindo, Rauha"]
[Result "0-1"]
[WhiteElo "1206"]
[BlackElo "1518"]
[PlyCount "61"]
[EventDate "2018.09.24"]
[EventType "team-swiss"]
[EventRounds "11"]
[EventCountry "GEO"]
[SourceTitle "Ajedrez en Madrid"]
[Source "lmi"]
[SourceDate "2018.09.24"]
[WhiteTeam "Malawi"]
[BlackTeam "Namibia"]
[WhiteTeamCountry "MWI"]
[BlackTeamCountry "NAM"]

1. e4 e5 2. Nf3 Nc6 3. Nc3 Bc5 4. Bc4 Nge7 5. Na4 Bb6 6. Nxb6 axb6 7. b3 d6 8.
O-O O-O 9. d4 Bg4 10. d5 Nb4 11. a3 Bxf3 12. gxf3 Na6 13. f4 exf4 14. Bxf4 Ng6
15. Bg3 Nc5 16. Re1 Qg5 17. Qf3 f5 18. e5 Nxe5 19. Rxe5 dxe5 20. h4 Qg6 21. Kf1
f4 22. Bh2 Kh8 23. b4 Qxc2 24. Qe2 Qc3 25. Ra2 Qc1+ 26. Qe1 Qxc4+ 27. Re2 f3
28. bxc5 fxe2+ 29. Qxe2 Qxe2+ 30. Kxe2 bxc5 31. Bxe5 0-1

[Event "43. Olimpiada Batumi 2018 Femenina"]
[Site "Batumi GEO"]
[Date "2018.09.26"]
[Round "3.1"]
[White "Atikankhotchasee, Manunthon"]
[Black "Girmay, Feven Gebremeskel"]
[Result "1-0"]
[WhiteElo "1667"]
[BlackElo "1483"]
[PlyCount "61"]
[EventDate "2018.09.24"]
[EventType "team-swiss"]
[EventRounds "11"]
[EventCountry "GEO"]
[SourceTitle "Ajedrez en Madrid"]
[Source "lmi"]
[SourceDate "2018.09.24"]
[WhiteTeam "Thailand"]
[BlackTeam "Ethiopia"]
[WhiteTeamCountry "THA"]
[BlackTeamCountry "ETH"]

1. d4 d5 2. Bg5 Nf6 3. Bxf6 gxf6 4. e3 e5 5. c4 Bb4+ 6. Nc3 Nc6 7. dxe5 fxe5 8.
cxd5 Ne7 9. Qa4+ c6 10. Qxb4 cxd5 11. Bb5+ Bd7 12. Bxd7+ Qxd7 13. Qb5 O-O-O 14.
Qxd7+ Rxd7 15. Nf3 f6 16. O-O-O Rhd8 17. Rd2 a6 18. Rhd1 b5 19. b4 Kb7 20. a4
Kb6 21. a5+ Kb7 22. Kb2 e4 23. Nd4 Rc8 24. Ne6 Rd6 25. Nc5+ Ka7 26. N3xe4 Rdc6
27. Nc3 Rg8 28. g3 h6 29. Nxd5 Nf5 30. Nb6 Rg7 31. Rd7+ 1-0

[Event "43. Olimpiada Batumi 2018 Femenina"]
[Site "Batumi GEO"]
[Date "2018.09.26"]
[Round "3.2"]
[White "Haile, Lidet Abate"]
[Black "Chuemsakul, Sarocha"]
[Result "0-1"]
[WhiteElo "1544"]
[BlackElo "1620"]
[PlyCount "54"]
[EventDate "2018.09.24"]
[EventType "team-swiss"]
[EventRounds "11"]
[EventCountry "GEO"]
[SourceTitle "Ajedrez en Madrid"]
[Source "lmi"]
[SourceDate "2018.09.24"]
[WhiteTeam "Ethiopia"]
[BlackTeam "Thailand"]
[WhiteTeamCountry "ETH"]
[BlackTeamCountry "THA"]

1. e4 e5 2. Nf3 Nc6 3. Bc4 Bc5 4. Nc3 Nf6 5. O-O O-O 6. a3 a5 7. h3 h6 8. d3 d6
9. Be3 Nd4 10. Bxd4 Bxd4 11. Nxd4 exd4 12. Ne2 c5 13. Ng3 Bd7 14. f4 Bc6 15. e5
dxe5 16. fxe5 Nd5 17. Bxd5 Qxd5 18. Qe2 Rae8 19. Rae1 Rxe5 20. Ne4 f5 21. Qf3
Rfe8 22. Nf6+ gxf6 23. Qg3+ Kh7 24. Rxe5 fxe5 25. Rf3 Rg8 26. Qh4 Rxg2+ 27. Kh1
Qxf3 0-1

[Event "43. Olimpiada Batumi 2018 Femenina"]
[Site "Batumi GEO"]
[Date "2018.09.26"]
[Round "3.3"]
[White "Buhagiar, Melita Sunan"]
[Black "Gebratsadik, Merhawit Brhane"]
[Result "1-0"]
[WhiteElo "1378"]
[BlackElo "1408"]
[PlyCount "111"]
[EventDate "2018.09.24"]
[EventType "team-swiss"]
[EventRounds "11"]
[EventCountry "GEO"]
[SourceTitle "Ajedrez en Madrid"]
[Source "lmi"]
[SourceDate "2018.09.24"]
[WhiteTeam "Thailand"]
[BlackTeam "Ethiopia"]
[WhiteTeamCountry "THA"]
[BlackTeamCountry "ETH"]

1. d4 d5 2. c4 e6 3. Nf3 Nc6 4. Nc3 Nf6 5. Bg5 Be7 6. e3 h6 7. Bxf6 Bxf6 8. a3
a6 9. Bd3 O-O 10. O-O b6 11. Rc1 Bb7 12. cxd5 exd5 13. h3 Rb8 14. Qc2 Re8 15.
b4 Ne7 16. Ne2 c6 17. Nf4 Qd6 18. Nh5 Bc8 19. Nxf6+ Qxf6 20. Ne5 Qg5 21. Kh2
Nf5 22. Bxf5 Bxf5 23. Qxc6 Be4 24. f3 Bf5 25. f4 Qd8 26. Qc3 Rc8 27. Qd2 f6 28.
Rxc8 Qxc8 29. Nf3 Qc4 30. Rc1 Qb3 31. Rc3 Qa4 32. Nh4 Bh7 33. Qc1 g5 34. fxg5
fxg5 35. Nf3 Qd7 36. Ne5 Qb7 37. Rc7 Qa8 38. Qc6 Qd8 39. Qd7 Qxd7 40. Rxd7 Rf8
41. Rb7 Rf2 42. Rxb6 Be4 43. Kg1 Rxg2+ 44. Kf1 Ra2 45. Rxa6 Rc2 46. b5 Bg2+ 47.
Ke1 Bxh3 48. b6 Rb2 49. Ra8+ Kg7 50. Ra7+ Kf8 51. b7 g4 52. Ra8+ Ke7 53. b8=Q
Rxb8 54. Rxb8 g3 55. Rg8 g2 56. Kf2 1-0

[Event "43. Olimpiada Batumi 2018 Femenina"]
[Site "Batumi GEO"]
[Date "2018.09.26"]
[Round "3.4"]
[White "Bantiwalu, Aster Melake"]
[Black "Singsomroj, Sornsawan"]
[Result "1-0"]
[WhiteElo "1365"]
[BlackElo "1340"]
[PlyCount "47"]
[EventDate "2018.09.24"]
[EventType "team-swiss"]
[EventRounds "11"]
[EventCountry "GEO"]
[SourceTitle "Ajedrez en Madrid"]
[Source "lmi"]
[SourceDate "2018.09.24"]
[WhiteTeam "Ethiopia"]
[BlackTeam "Thailand"]
[WhiteTeamCountry "ETH"]
[BlackTeamCountry "THA"]

1. e4 e5 2. Nf3 Nc6 3. Bc4 Nf6 4. Nc3 Nxe4 5. Bxf7+ Kxf7 6. Nxe4 d5 7. Neg5+
Kg8 8. d3 h6 9. Nh3 Bg4 10. c3 e4 11. dxe4 Ne5 12. Nhg1 dxe4 13. Qb3+ Nf7 14.
Ne5 Kh7 15. Nxf7 Qf6 16. Nxh8 Bc5 17. Qc2 Rd8 18. Be3 Bxe3 19. fxe3 Rd3 20. Qf2
Qb6 21. Kf1 Rxe3 22. Re1 Qb5+ 23. Ne2 Bh3 24. Qxe3 1-0

[Event "43. Olimpiada Batumi 2018 Femenina"]
[Site "Batumi GEO"]
[Date "2018.09.26"]
[Round "3.1"]
[White "Razafindrabiaza, Christine"]
[Black "Bekheet, Suhailah"]
[Result "1-0"]
[WhiteElo "1668"]
[BlackElo "1034"]
[PlyCount "97"]
[EventDate "2018.09.24"]
[EventType "team-swiss"]
[EventRounds "11"]
[EventCountry "GEO"]
[SourceTitle "Ajedrez en Madrid"]
[Source "lmi"]
[SourceDate "2018.09.24"]
[WhiteTeam "Madagascar"]
[BlackTeam "Kuwait"]
[WhiteTeamCountry "MAD"]
[BlackTeamCountry "KUW"]

1. d4 d5 2. c4 Nf6 3. cxd5 Nxd5 4. e4 Nf6 5. Nc3 e6 6. a3 Nc6 7. Nf3 h6 8. Bb5
a6 9. Bxc6+ bxc6 10. Be3 Be7 11. Qa4 Bd7 12. Ne5 O-O 13. Nxd7 Qxd7 14. O-O Qd6
15. e5 Qd7 16. exf6 Bxf6 17. Ne4 Bh4 18. Nc5 Qd5 19. Rac1 Rab8 20. b4 f5 21.
Nd3 Qe4 22. Ne5 Rbd8 23. Qxc6 Rxd4 24. Bxd4 Qxd4 25. Qxe6+ Kh7 26. Rc4 Bxf2+
27. Rxf2 Qd1+ 28. Rf1 Qb3 29. Qg6+ Kg8 30. Rc5 Qe3+ 31. Kh1 a5 32. Rxa5 Qg5 33.
Qxg5 hxg5 34. Nd3 Kh7 35. Raxf5 Rg8 36. Rxg5 Kh6 37. Rc5 Rc8 38. h3 Kg6 39.
Rfc1 Rd8 40. Ne5+ Kf5 41. Nf7+ Ke4 42. Nxd8 g6 43. Kh2 Ke3 44. Rd1 Ke2 45. Rd7
Kf2 46. a4 Ke3 47. Re5+ Kf4 48. Re1 g5 49. Rf7# 1-0

[Event "43. Olimpiada Batumi 2018 Femenina"]
[Site "Batumi GEO"]
[Date "2018.09.26"]
[Round "3.2"]
[White "Alraqum, Shahad"]
[Black "Raharimanana, Faratiana"]
[Result "0-1"]
[WhiteElo "1458"]
[BlackElo "1660"]
[PlyCount "40"]
[EventDate "2018.09.24"]
[EventType "team-swiss"]
[EventRounds "11"]
[EventCountry "GEO"]
[SourceTitle "Ajedrez en Madrid"]
[Source "lmi"]
[SourceDate "2018.09.24"]
[WhiteTeam "Kuwait"]
[BlackTeam "Madagascar"]
[WhiteTeamCountry "KUW"]
[BlackTeamCountry "MAD"]

1. e4 e6 2. Nf3 d5 3. exd5 exd5 4. d4 Bd6 5. Nc3 c6 6. Be3 Qc7 7. Bd3 Bg4 8.
O-O Nd7 9. Re1 O-O-O 10. a3 Ngf6 11. Be2 Bxf3 12. Bxf3 Bxh2+ 13. Kh1 Bd6 14.
Qd2 h5 15. Kg1 Ng4 16. Bxg4 hxg4 17. g3 Rh7 18. Rf1 Rdh8 19. f3 Rh1+ 20. Kf2
R8h2+ 0-1

[Event "43. Olimpiada Batumi 2018 Femenina"]
[Site "Batumi GEO"]
[Date "2018.09.26"]
[Round "3.3"]
[White "Andriantsiferana, Irina"]
[Black "Alawadhi, Amenah"]
[Result "1/2-1/2"]
[WhiteElo "1540"]
[BlackElo "1374"]
[PlyCount "81"]
[EventDate "2018.09.24"]
[EventType "team-swiss"]
[EventRounds "11"]
[EventCountry "GEO"]
[SourceTitle "Ajedrez en Madrid"]
[Source "lmi"]
[SourceDate "2018.09.24"]
[WhiteTeam "Madagascar"]
[BlackTeam "Kuwait"]
[WhiteTeamCountry "MAD"]
[BlackTeamCountry "KUW"]

1. e4 e6 2. d4 d5 3. exd5 exd5 4. Bd3 Bd6 5. Qf3 h6 6. c3 Nf6 7. h3 O-O 8. Ne2
Re8 9. g4 Ne4 10. Nd2 Ng5 11. Qxd5 Nc6 12. h4 Be6 13. Qg2 Nxd4 14. cxd4 Nh7 15.
d5 Bd7 16. Ne4 Nf6 17. Nxd6 cxd6 18. g5 Ng4 19. gxh6 g6 20. Bd2 Ne5 21. Bc2 Bg4
22. Be4 f5 23. f3 Bh5 24. Bxf5 Nxf3+ 25. Kf2 Nxh4 26. Be6+ Kh7 27. Rxh4 Qxh4+
28. Qg3 Rf8+ 29. Kg2 Bf3+ 30. Qxf3 Rxf3 31. Kxf3 Rf8+ 32. Ke3 Qg5+ 33. Kd3 Rf3+
34. Kc2 Qe5 35. Re1 Qe4+ 36. Kc1 Qc4+ 37. Bc3 Qd3 38. a3 Re3 39. Nf4 Rxe1+ 40.
Bxe1 Qe3+ 41. Bd2 1/2-1/2